Principles of economics / (Record no. 643)

MARC details
000 -LEADER
fixed length control field 00559nam a22002057a 4500
005 - DATE AND TIME OF LATEST TRANSACTION
control field 20250420134819.0
008 - FIXED-LENGTH DATA ELEMENTS--GENERAL INFORMATION
fixed length control field 200816b ||||| |||| 00| 0 eng d
020 ## - INTERNATIONAL STANDARD BOOK NUMBER
International Standard Book Number 9781473704848
040 ## - CATALOGING SOURCE
Transcribing agency KCST
082 ## - DEWEY DECIMAL CLASSIFICATION NUMBER
Classification number 330
Item number Ma Pr
100 ## - MAIN ENTRY--PERSONAL NAME
Personal name Mankiw, N. Gregory
9 (RLIN) 889
245 ## - TITLE STATEMENT
Title Principles of economics /
Statement of responsibility, etc. N Gregory Mankiw; Mohamed H Rashwan
250 ## - EDITION STATEMENT
Edition statement 2nd Arab world edition
260 ## - PUBLICATION, DISTRIBUTION, ETC.
Place of publication, distribution, etc. Andover :
Name of publisher, distributor, etc. Cengage Learning,
Date of publication, distribution, etc. 2015.
300 ## - PHYSICAL DESCRIPTION
Extent 675 p.
650 ## - SUBJECT ADDED ENTRY--TOPICAL TERM
Topical term or geographic name entry element Economics.
9 (RLIN) 888
700 ## - ADDED ENTRY--PERSONAL NAME
Personal name Rashwan, Mohamed H
9 (RLIN) 5163
942 ## - ADDED ENTRY ELEMENTS (KOHA)
Koha item type Book
942 ## - ADDED ENTRY ELEMENTS (KOHA)
Source of classification or shelving scheme Dewey Decimal Classification
Holdings
Withdrawn status Lost status Source of classification or shelving scheme Damaged status Not for loan Home library Current library Date acquired Source of acquisition Cost, normal purchase price Total checkouts Full call number Barcode Date last seen Price effective from Koha item type
    Dewey Decimal Classification     KCST Library KCST Library 16/08/2020 Dr. Rodrigo Magalhaes 0.00   330 Ma Pr 1000000738 16/08/2020 16/08/2020 Book
© 2025 KCST. All rights reserved